| 000 | 02024nam0a2200493 4500 | ||
|---|---|---|---|
| 001 | RU\NLR\bibl\1768777 | ||
| 005 | 20250616130819.0 | ||
| 010 |
_a978-5-9916-1321-7 _91000 |
||
| 021 |
_aRU _b2011-30064 _92131 |
||
| 035 | _a(nilc)LIBNET\0000128613 | ||
| 035 | _a2VIL\RUSMED\0000185083 | ||
| 035 | _a(NLR Aleph) 001759561 | ||
| 090 |
_a1569729 _c1569729 |
||
| 100 | _a20110427d2011 |||y0rusy50 ca | ||
| 101 | 0 | _arus | |
| 102 | _aRU | ||
| 105 | _ay j ||||| | ||
| 200 | 1 |
_aПсихологическое консультирование _eучебник для студентов вузов, обучающихся по специальности "Психология" _fР. С. Немов |
|
| 205 | _a2-е изд. перераб. и доп. | ||
| 210 |
_aМосква _cЮрайт _d2011 |
||
| 215 |
_a575 с. _d20 |
||
| 225 | 1 | _aОсновы наук | |
| 300 | _aНа обороте тит. л. авт.: Немов Р. С. - д-р психол. наук, проф. | ||
| 320 | _aБиблиогр.: с. 514 | ||
| 606 | 1 |
_aКОНСУЛЬТАТИВНАЯ ПОМОЩЬ _jучебные пособия _2rus_mesh _3R12203 |
|
| 606 | 1 |
_aREFERRAL AND CONSULTATION _2rus_mesh _3E12203 |
|
| 606 | 1 |
_aПСИХОЛОГИЯ _jучебные пособия _2rus_mesh _3R11766 |
|
| 606 | 1 |
_aPSYCHOLOGY _2rus_mesh _3E11766 |
|
| 606 | 1 |
_aКонсультативная психология _jУчебные издания для высших учебных заведений _91365555 _3RU\NLR\auth\66571704 |
|
| 686 |
_a15.81.61 _2rugasnti |
||
| 686 |
_a76.01.33 _2rugasnti |
||
| 686 |
_aN04.452.758.849 _v2011 _2MESH |
||
| 686 |
_aF04.096.628 _v2011 _2MESH |
||
| 686 | _aЮ949.2я73 | ||
| 700 | 1 |
_aНемов _bР. С. _gРоберт Семенович _4070 |
|
| 801 | 0 |
_aRU _bЦНМБ _c20110427 _gPSBO |
|
| 801 | 1 |
_aRU _bЦНМБ _c20110427 |
|
| 801 | 2 |
_aRU _bЦНМБ _c20110511 |
|
| 801 | 2 |
_aRU _bNLR _c20110513 _grcr |
|
| 830 | _aавт. по кн. | ||
| 942 | _cBOOK | ||
| 980 | _aNB | ||
| 980 | _aNBR | ||